| 000 | 00823nam a22002177a 4500 | ||
|---|---|---|---|
| 005 | 20140619150651.0 | ||
| 010 | _aENG-110338 | ||
| 020 |
_a9780198099062 _c1150.00 |
||
| 020 |
_a0198099061 _c1150.00 |
||
| 035 | _aEN-93870 | ||
| 037 | _bDBAD/PUB | ||
| 082 | _a330.954 | ||
| 245 |
_aEmerging issues in economic development : _cedited by Sugata Marjit [and] Meenakshi Rajeev _ba contemporary theoretical perspective : essays in honour of Dipankar Dasgupta [and] Amitava Bose |
||
| 260 |
_aNew Delhi _bOxford University Press _c2014 |
||
| 270 |
_aYMCA Library Building, 1 Jai Singh Road _bNew Delhi _e110001 |
||
| 300 |
_axxviii,300p. _c23cm(Hb) |
||
| 500 | _aIncludes bibliographical references and index | ||
| 600 | _aMarjit, Sugata | ||
| 600 | _aMeenakshi Rajeev | ||
| 942 |
_2ddc _cEN _mEME _h330.954 |
||
| 999 |
_c85137 _d85137 |
||